000 01013cam a22002891 4500
999 _c9117
_d9117
001 9117
003 BD-JhCC
005 20180308183437.0
008 700114m19699999nyuabc b 000 0 eng
035 _a(BD-JhCC)9117
040 _aDLC
_cDLC
_dDLC
_dBD-JhCC
041 _aeng
050 0 0 _aE178
_b.M852
082 0 0 _a973
_bMOR 1969
100 1 _aMorison, Samuel Eliot,
_d1887-1976.
245 1 4 _aThe growth of the American Republic
_c[by] Samuel Eliot Morison, Henry Steele Commager, and William E. Leuchtenburg.
250 _a[6th ed., rev., and enl.]
260 _aNew York,
_bOxford University Press,
_c1969-
300 _av.
_billus., maps, ports.
_c24 cm.
500 _aAbbreviated and newly rev. ed. published in 1977 under title: A Concise history of the American Republic.
504 _aBibliography: v. 1, p. 819-858.
651 0 _aUnited States
_xHistory.
700 1 _aCommager, Henry Steele,
_d1902-1998.
700 1 _aLeuchtenburg, William Edward,
_d1922-
942 _2ddc
_cBK